Statistiques concernant Les Aristochats

Cliquez ici pour prendre le quiz!

Statistiques générales

  • Ce quiz a été pris 167 fois
    (140 depuis la dernière actualisation)
  • Le résultat moyen est 12 sur 16

Statistiques - réponses

QuestionRéponse% Correct
Nom du deuxième chatonMarie
97%
Nom du troisième chatonBerlioz
93%
Dans quelle ville l'histoire se déroule-t-elle ?Paris
92%
Nom du premier chatonToulouse
92%
Quels animaux sont Napoléon et Lafayette ?chiens
91%
Comment s'appelle la mère des trois chatons ?Duchesse
89%
Quels animaux sont Amélia et Amélie ?oies
86%
De quel instrument de musique joue la maman des chatons ?harpe
81%
Comment s'appelle le méchant majordome?Edgar
78%
Quel est le prénom du chat de gouttière O'Malley ?Thomas
78%
Quel animal est Frou-Frou ?cheval
74%
De quel instrument joue Scat Cat ?trompette
74%
Quelle est la profession de Georges Hautecourt ?notaire
68%
Comment s'appelle la jolie souris ?Roquefort
57%
Où est finalement envoyé le majordome?Tombouctou
43%
Quel est le prénom de Madame Bonnefamille chez qui les chats demeurent ?Adelaîde
33%

Distribution des résultats

Percentile par nombre de réponses

% des personnes avec chaque résultat

Votre développement - résultats

Vous n’avez pas pris ce quiz depuis la dernière actualisation